LEADER 02494oas 22010093a 450 001 9910340051303321 005 20251008213014.0 011 $a2168-5878 035 $a(OCoLC)42598963 035 $a(CONSER) 2012200603 035 $a(CKB)954921424595 035 $a(EXLCZ)99954921424595 100 $a19991008b19942003 uy a 101 0 $aeng 135 $aurunu|||||||| 181 $ctxt$2rdacontent 182 $cc$2rdamedia 183 $acr$2rdacarrier 200 10$aAssessment journal 210 $aChicago, IL $cInternational Association of Assessing Officers$d©1994-©2003 300 $aRefereed/Peer-reviewed 311 08$a1073-8568 531 0 $aAssess. j. 606 $aTax assessment$vPeriodicals 606 $aProperty tax$vPeriodicals 606 $aE?valuation$vPe?riodiques 606 $aImpo?t sur la fortune$vPe?riodiques 606 $aAssiette de l'impo?t$vPe?riodiques 606 $aProperty tax$2fast$3(OCoLC)fst01079163 606 $aTax assessment$2fast$3(OCoLC)fst01143676 606 $aRecht$2gtt 606 $aBelastingrecht$2gtt 608 $aPeriodicals.$2fast 608 $aPeriodicals.$2lcgft 608 $aperiodicals.$2aat 608 $aPe?riodiques.$2rvmgf 615 0$aTax assessment 615 0$aProperty tax 615 6$aE?valuation 615 6$aImpo?t sur la fortune 615 6$aAssiette de l'impo?t 615 7$aProperty tax. 615 7$aTax assessment. 615 17$aRecht. 615 17$aBelastingrecht. 676 $a336 686 $a86.00$2bcl 712 02$aInternational Association of Assessing Officers 712 02$aBell & Howell Information and Learning 801 0$bBNG 801 1$bBNG 801 2$bOCL 801 2$bOCLCQ 801 2$bUV$ 801 2$bNLGGC 801 2$bAU@ 801 2$bDEBBG 801 2$bOCLCQ 801 2$bDLC 801 2$bOCLCQ 801 2$bOCLCF 801 2$bOCLCQ 801 2$bWYU 801 2$bDLC 801 2$bVT2 801 2$bOCLCQ 801 2$bBWN 801 2$bOCLCO 801 2$bQGK 801 2$bOCLCO 801 2$bDYJ 801 2$bOCLCQ 801 2$bIOY 801 2$bOCLCL 801 2$bUEJ 801 2$bUAB 801 2$bZ5A 801 2$bLIP 801 2$bWT2 801 2$bZAC 801 2$bAPUMS 801 2$bCEF 801 2$bU3W 906 $aJOURNAL 912 $a9910340051303321 996 $aAssessment journal$92188728 997 $aUNINA